[Event "Mecklenburg VP-ch U25"]
[Site "Malchow"]
[Date "2019.02.05"]
[Round "6.9"]
[White "Dinse, Niels"]
[Black "Knorr, Jussi Ferdinand"]
[Result "1-0"]
[WhiteElo "805"]
[BlackElo "971"]
[PlyCount "83"]
[EventDate "2019.02.02"]
[EventType "swiss"]
[EventRounds "7"]
[EventCountry "GER"]
[SourceTitle "EXT 2022"]
[Source "ChessBase"]
[SourceDate "2021.10.06"]
[SourceVersion "1"]
[SourceVersionDate "2021.10.06"]
[SourceQuality "1"]

1. Nf3 d5 2. d4 c5 3. Nc3 Bg4 4. e4 e6 5. Be2 Nf6 6. Bg5 Be7 7. e5 Ne4 8. Bxe7 Qxe7 9. Nxe4 dxe4 10. Nd2 Bxe2 11. Qxe2 cxd4 12. Qxe4 Nc6 13. 0-0-0 0-0 14. Nc4 Rfd8 15. Rd2 Qc5 16. b3 Qd5 17. Re1 Qxe4 18. Rxe4 a6 19. Nb6 Rab8 20. f4 Kf8 21. c4 f5 22. Re1 Nb4 23. Red1 d3 24. a3 Nc6 25. Rxd3 Rxd3 26. Rxd3 Ne7 27. Nd7+ Ke8 28. Nxb8 Ng6 29. Rd7 Nxf4 30. Rxg7 Kd8 31. g3 Ne2+ 32. Kd2 Nd4 33. Rxb7 Kc8 34. Rb4 Nf3+ 35. Ke3 Nxh2 36. Nxa6 Nf1+ 37. Kf2 Nd2 38. Rb6 Kd7 39. c5 Ne4+ 40. Kf3 Nc3 41. c6+ Kc8 42. Rb8# 1-0

[Event "Mecklenburg VP-ch U25"]
[Site "Malchow"]
[Date "2019.02.02"]
[Round "1.8"]
[White "Dinse, Niels"]
[Black "Schuett, Matthias"]
[Result "0-1"]
[WhiteElo "805"]
[BlackElo "1514"]
[PlyCount "48"]
[EventDate "2019.02.02"]
[EventType "swiss"]
[EventRounds "7"]
[EventCountry "GER"]
[SourceTitle "EXT 2022"]
[Source "ChessBase"]
[SourceDate "2021.10.06"]
[SourceVersion "1"]
[SourceVersionDate "2021.10.06"]
[SourceQuality "1"]

1. Nf3 d5 2. g3 c5 3. Bg2 Nc6 4. d4 Nf6 5. Nc3 cxd4 6. Nxd4 e5 7. Nxd5 exd4 8. Nxf6+ Qxf6 9. Bxc6+ Qxc6 10. e3 Qxh1+ 11. Kd2 Bb4+ 12. c3 dxc3+ 13. bxc3 Bxc3+ 14. Kc2 Qxd1+ 15. Kxd1 Bxa1 16. Ke2 Be6 17. a4 Rc8 18. Bd2 Bc3 19. a5 Bxd2 20. Kxd2 0-0 21. f4 Rfd8+ 22. Ke2 Bg4+ 23. Kf1 Rd1+ 24. Kg2 Rc2# 0-1